| 000 | 00525nam a22001931a 4500 | ||
|---|---|---|---|
| 001 | 2797 | ||
| 003 | OSt | ||
| 005 | 20260204211826.0 | ||
| 008 | 040325s1994||||dr ||||||b||||||||||spa|| | ||
| 050 | _aRD 920 B181c | ||
| 082 | _aRD 920 B181c | ||
| 100 | _aBalaguer, Joaquín | ||
| 245 | _aEl Cristo de la Libertad: vida de Juan Pablo Duarte | ||
| 264 | _aSanto Domingo : Corripio | ||
| 300 | _a284 p. | ||
| 500 | _aIncluye indice | ||
| 650 | _a1.Biografía - Juan Pablo Duarte 2.Literatura 3.HistoriaÌ | ||
| 942 |
_2ddc _cBK |
||
| 999 |
_c2797 _d2797 |
||